The noble scholar, jurist, historian


 His Excellency Dr. Abdul Wahhab bin Ibrahim Abu Sulaiman, may Allah have mercy on him.


 He was born in Umm Al-Qura in the year 1356 AH.

مساجلة علمية بين الإمامين الجليلين العز بن عبد السلام وابن الصلاح حول صلاة الرغائب المبتدعة / (Record no. 12789)

MARC details
000 -LEADER
fixed length control field 02357cam a22003371i 4500
003 - CONTROL NUMBER IDENTIFIER
control field SA-RiAUC
005 - DATE AND TIME OF LATEST TRANSACTION
control field 20251029124500.0
008 - FIXED-LENGTH DATA ELEMENTS--GENERAL INFORMATION
fixed length control field 251021s1985 le g 000r0 ara c
040 ## - CATALOGING SOURCE
Original cataloging agency SA-JeALM
Language of cataloging ara
Transcribing agency SA-RiAUC
Description conventions rda
050 #4 - LIBRARY OF CONGRESS CALL NUMBER
Item number .I26 1985
082 04 - DEWEY DECIMAL CLASSIFICATION NUMBER
Classification number 252.29
Assigning agency SA-RiAUC
090 ## - LOCALLY ASSIGNED LC-TYPE CALL NUMBER (OCLC); LOCAL CALL NUMBER (RLIN)
Classification number (OCLC) (R) ; Classification number, CALL (RLIN) (NR) 252.29
Local cutter number (OCLC) ; Book number/undivided call number, CALL (RLIN) ا ب ن ع
100 1# - MAIN ENTRY--PERSONAL NAME
Personal name ابن عبد السلام، عبد العزيز بن عبد السلام بن أبي القاسم،
Dates associated with a name 577-660 هجري
Relator term مؤلف.
245 10 - TITLE STATEMENT
Title مساجلة علمية بين الإمامين الجليلين العز بن عبد السلام وابن الصلاح حول صلاة الرغائب المبتدعة /
Statement of responsibility, etc. بتحقيق محمد ناصر الدين الألباني، محمد زهير الشاويش.
250 ## - EDITION STATEMENT
Edition statement الطبعة الثانية.
264 #1 - PRODUCTION, PUBLICATION, DISTRIBUTION, MANUFACTURE, AND COPYRIGHT NOTICE
Place of production, publication, distribution, manufacture بيروت ؛
Name of producer, publisher, distributor, manufacturer المكتب الإسلامي،
Date of production, publication, distribution, manufacture, or copyright notice 1985
300 ## - PHYSICAL DESCRIPTION
Extent 59 صفحة ؛
Dimensions 18 سم.
336 ## - CONTENT TYPE
Content type term نص
Content type code txt
Source rdacontent
Materials specified كتاب
337 ## - MEDIA TYPE
Media type term بدون وسيط
Media type code n
Source rdamedia
505 0# - FORMATTED CONTENTS NOTE
Title الترغيب عن صلاة الرغائب الموضوعة وبيان ما فيها من مخالفة السنن المشروعة /
-- الرد على الترغيب عن صلاة الرغائب الموضوعة وبيان ما فيها من مخالفة السنن المشروعة /
-- تفنيد رد ابن الصلاح /
Statement of responsibility تأليف عز الدين بن عبد السلام-
-- تصنيف تقي الدين بن الصلاح-
-- للعز بن عبد السلام.
650 #7 - SUBJECT ADDED ENTRY--TOPICAL TERM
Topical term or geographic name entry element الصلاة (إسلام)
Source of heading or term aucsh
650 #7 - SUBJECT ADDED ENTRY--TOPICAL TERM
Topical term or geographic name entry element صلاة النفل
Source of heading or term aucsh
650 #7 - SUBJECT ADDED ENTRY--TOPICAL TERM
Topical term or geographic name entry element البدع في الإسلام
Source of heading or term aucsh
650 #7 - SUBJECT ADDED ENTRY--TOPICAL TERM
Topical term or geographic name entry element الصلاة (فقه إسلامي)
Source of heading or term aucsh
700 1# - ADDED ENTRY--PERSONAL NAME
Personal name ابن الصلاح، عثمان بن عبد الرحمن بن عثمان،
Dates associated with a name 577-643 هجري
Relator term مؤلف.
700 1# - ADDED ENTRY--PERSONAL NAME
Personal name الألباني، محمد ناصر الدين،
Dates associated with a name 1914-1999
Relator term محقق.
700 1# - ADDED ENTRY--PERSONAL NAME
Personal name الشاويش، زهير،
Dates associated with a name 1925-2013
Relator term محقق.
700 12 - ADDED ENTRY--PERSONAL NAME
Relationship information تحقيق لـ (عمل) :
Personal name ابن عبد السلام، عبد العزيز بن عبد السلام بن أبي القاسم،
Dates associated with a name 577-660 هجري.
Title of a work مساجلة علمية بين الإمامين الجليلين العز بن عبد السلام وابن الصلاح حول صلاة الرغائب المبتدعة
942 ## - ADDED ENTRY ELEMENTS (KOHA)
Source of classification or shelving scheme Dewey Decimal Classification
Koha item type Books
Suppress in OPAC No
949 ## - LOCAL PROCESSING INFORMATION (OCLC)
a SA-JeALM
d 251021
u osman123
n 1
Holdings
Withdrawn status Lost status Source of classification or shelving scheme Damaged status Not for loan Home library Current library Date acquired Total checkouts Full call number Barcode Date last seen Price effective from Koha item type
    Dewey Decimal Classification     DR AbdElwahab Library DR AbdElwahab Library 10/29/2025   252.29 ا ب ن ع 000020579 10/29/2025 10/29/2025 Books